Responses for Show #9051 - Monday, March 4, 2024

2024 Tournament of Champions quarterfinal game 7.

Contestants

[<< previous game]

Ike Barinholtz, a producer, writer, and actor from Chicago, Illinois

Melissa Klapper, a professor from Merion Station, Pennsylvania

Ray Lalonde, a scenic artist from Toronto, Ontario, Canada

[next game >>]

Jeopardy! Round responses

NONFICTION
I HEARD A RUMOR
HOBBIES & PASTIMES
"V"ACATION SPOTS
COCKTAILS
HAPPY HOUR
    $200 17
an onion

Ike
    $200 27
hearsay

Melissa
    $200 26
bees

Ray
    $200 28
Versailles

Ray
    $200 29
a margarita

Ike
    $200 30
R.E.M.

Ike
    $400 16
Sam Bankman-Fried

Ike
    $400 21
an exposé

Ike
    $400 25
karaoke

Ray
    $400 18
Valley Forge

Melissa
    $400 22
a Moscow mule

Ike
    $400 24
Sheryl Crow

Ray
    $1,600 14
Machiavelli

Melissa
    $600 20
the tea

Ray
    $600 7
a rookie card

Ike
    $600 12
Venice

Melissa
    $600 4
(Melissa: What's an appletini?)

a Cosmopolitan (Cosmo)

RayMelissa
    $600 23
"Happy Days Are Here Again"

Ike
    $800 13
the wolves

Melissa
    $800 8
"Meeting In The Ladies Room"

Triple Stumper
    $800 5
ducks & drakes

Triple Stumper
    $800 1
the Virgin Islands

Ike
    $800 2
a Gibson

Triple Stumper
    $800 9
"Don't Worry, Be Happy"

Melissa
    $1000 15
Roz Chast

Triple Stumper
    $1000 19
deets

Ray
    $1000 6
pectin

Ray
    $1000 11
the Volga

Ray
    $1000 3
a French 75

Triple Stumper
    $1000 10
"Happy Trails"

Ike

Scores at the first commercial break (after clue 15):

Ray Melissa Ike
$2,600 $3,200 $2,400

Scores at the end of the Jeopardy! Round:

Ray Melissa Ike
$5,400 $3,800 $4,800

Double Jeopardy! Round responses

FRENCH HISTORY
NUMERIC MOVIE TITLES
(Ken: Each title only consists of numbers.)
LECTURING YOU ON SCIENCE
LANGUAGES
A LI'L BALLET, A LI'L OPERA
5-SYLLABLE WORDS
    $400 11
Josephine

Ray
    $400 10
1917

Ike
    $400 27
Pluto

Ike
    $400 28
Burmese

Melissa
    $400 29
(Ray: And let's bring it.)

Sleeping Beauty

Ray
    $400 30
a kleptomaniac

Ray
    $800 13
crosses

Melissa
    $800 9
(Ike: [Sighs] What is... Twelve Angry Men?)

12

Ike
Triple Stumper
    $800 22
fireflies

Ike
    $800 23
Quechua

Ray
    $800 5
Baryshnikov

Ike
    $800 26
an etymologist

Ray
    $1200 14
Strasbourg

Melissa
    $7,600 8
8 1/2

Ike
    $1200 21
Carbohydrates

Triple Stumper
    $8,000 19
Bengali

Melissa
    $1200 3
X

Triple Stumper
    $1200 16
(Ike: What is metaphorically?)

figuratively

Ike
Triple Stumper
    $1600 12
Mitterrand

Ike
    $1600 6
50/50

Triple Stumper
    $1600 2
Harvey

Melissa
    $1600 25
Papua New Guinea

Melissa
    $1600 1
Nefertiti

Ray
    $1600 17
(Ike: What is a teetotaler?)

a prohibitionist

Ike
Triple Stumper
    $2000 15
Nantes

Melissa
    $2000 7
54

Ike
    $2000 20
Andromeda

Ray
    $2000 24
Basque

Ray
    $2000 4
a sylph

Melissa
    $2000 18
pulchritudinous

Triple Stumper

Scores at the end of the Double Jeopardy! Round:

Ray Melissa Ike
$13,800 $21,400 $14,800

[wagering suggestions for these scores]

Final Jeopardy! Round responses

POETS OF ANCIENT ROME
(Ken: [To Ray] Yes, the great Roman poet who died in exile for writing erotic poetry that was a little too erotic--the best reason to be exiled, I think.)
[Laughter]
RayWho is Ovid?
$8,000
IkeWho is Ovid?
$13,801
MelissaWho is Juvenal
$8,201
Ovid

Final scores:

Ray Melissa Ike
$21,800 $13,199 $28,601
2nd place: $5,000 3rd place: $5,000 Winner: semifinalist

Game dynamics:

Coryat scores:

Ray Melissa Ike
$13,800 $13,600 $8,400
17 R,
0 W
14 R
(including 2 DDs),
1 W
17 R
(including 1 DD),
3 W

Combined Coryat: $35,800

[game clues] [game scores] [suggest correction]

Game tape date: 2024-02-07
The J! Archive is created by fans, for fans. Scraping, republication, monetization, and malicious use prohibited; this site may use cookies and collect identifying information. See terms. The Jeopardy! game show and all elements thereof, including but not limited to copyright and trademark thereto, are the property of Jeopardy Productions, Inc. and are protected under law. This website is not affiliated with, sponsored by, or operated by Jeopardy Productions, Inc. Join the discussion at JBoard.tv.